Journal of public administration research and theory : J-PART.

Bibliographic Details
Uniform Title:Journal of public administration research and theory (Online)
Corporate Authors: Transaction Periodicals Consortium, University of Kansas. Department of Public Administration
Format: Journal
Language:English
Published: Lawrence, Kan. : Journal of Public Administration Research and Theory, Inc.
Subjects:
Online Availability: Check for online availability

MARC

Tag First Indicator Second Indicator Subfields
LEADER 00000cas a2200000Ia 4500
001 in00001790021
005 20151025110707.0
006 m d
007 cr cnu--------
008 031014c19919999ksuqr pss o 0 a0eng d
022 |a 1477-9803  |y 1053-1858 
035 |a (OCoLC)ocm42818254 
040 |a UV$  |c UV$  |d AAA  |d UV$  |d OCLCQ  |d OCL  |d RBN  |d UtOrBLW 
049 |a TXAM 
090 |a JA1  |b .J62 Electronic 
092 |a 350.0005 
130 0 |a Journal of public administration research and theory (Online) 
245 1 0 |a Journal of public administration research and theory :  |b J-PART. 
246 3 0 |a J-PART 
264 1 |a Lawrence, Kan. :  |b Journal of Public Administration Research and Theory, Inc. 
310 |a Quarterly 
336 |a text  |b txt  |2 rdacontent 
337 |a computer  |b c  |2 rdamedia 
338 |a online resource  |b cr  |2 rdacarrier 
362 1 |a Print began with vol. 1, no. 1 (Jan. 1991). 
500 |a Description based on: Volume 4, number 1 (Jan. 1994); title from available issues screen. 
530 |a Online version of print periodical: Journal of public administration research and theory. 
538 |a Mode of access: World Wide Web. 
550 |a Vols. for 1993- published by Transaction Periodicals Consortium. 
550 |a Vols. for 1991- sponsored by the Dept. of Public Administration, University of Kansas, et al. 
500 |a Electronic resource. 
650 0 |a Public administration  |v Periodicals. 
650 0 |a Policy sciences  |v Periodicals. 
710 2 |a Transaction Periodicals Consortium. 
710 2 |a University of Kansas.  |b Department of Public Administration. 
776 1 |t Journal of public administration research and theory  |x 1053-1858  |w (DLC) 91640722  |w (OCoLC)22469315 
994 |a E0  |b TXA 
999 |a MARS 
999 f f |s 2918abe3-8f90-30b7-b6ad-be6fa58d9d14  |i 1eb14f12-d390-3d15-84e4-5b11f1f8d977  |t 0 
952 f f |a Texas A&M University  |b College Station  |c Electronic Resources  |d Available Online  |t 0  |e JA1 .J62  |g Electronic  |h Library of Congress classification 
998 f f |a JA1 .J62  |t 0  |l Available Online